000
00243nam a2200097Ia 4500
008
240625s9999 xx 000 0 und d
041
_a
eng
082
_a
808.20 SIN
100
_a
SINGH PRATYUSH
245
_a
1 SOCIAL MEDIA MARKETING 2 CHANNEL LOYAL
999
_c
36695
_d
36695